000 00260nam a22001097a 4500
008 170111b xxu||||| |||| 00| 0 eng d
020 _a9780801641077
041 _aeng
080 _22ND
_a618.2
245 _aMEDICAL-SURGICAL NURSING
_cSANDS, J.K
942 _2udc
_cBK
999 _c2709
_d2709